| 000 | 00765nam a22002177a 4500 | ||
|---|---|---|---|
| 999 |
_c11430 _d11430 |
||
| 003 | AR-CdUCM | ||
| 008 | 190404b ||||| |||| 00| 0 spa d | ||
| 040 |
_aMUNICIPALIDAD PROVINCIAL DEL CUSCO _cBIBLIOTECA MUNICIPAL DEL CUSCO |
||
| 082 |
_aC / 398.856 / _bM79 |
||
| 110 |
_aUniversidad Nacional del Cuzco _923977 |
||
| 245 | _aGuía para la recolección de material folklorico / | ||
| 260 |
_aCuzco : _bUNSAAC, _c1952. |
||
| 300 |
_a62 páginas ; _c21 cm. |
||
| 505 | _aContenido: Lenguaje -- Literatura oral -- Creencias y superaciones -- Religión filosofía y moral -- Arte popular... | ||
| 650 |
_aAntropología. _9878 |
||
| 650 |
_aFolklore. _91081 |
||
| 650 |
_aTradiciones. _9229 |
||
| 650 |
_aCostumbres. _9230 |
||
| 942 |
_2ddc _cLIBROS |
||
| 945 | _awfj | ||